MAASAI MARA UNIVERSITY

LIBRARY CATALOGUE

Contact Us: +254 020 2685356/7 or 0774 057787

Box: 861-20500, NAROK, KENYA

Email: info@mmarau.ac.ke

The Rationalists / (Record no. 24278)

MARC details
000 -LEADER
fixed length control field 00647nam a22002297a 4500
001 - CONTROL NUMBER
control field 7973752
003 - CONTROL NUMBER IDENTIFIER
control field OSt
005 - DATE AND TIME OF LATEST TRANSACTION
control field 20210127100655.0
008 - FIXED-LENGTH DATA ELEMENTS--GENERAL INFORMATION
fixed length control field 170306b xxu||||| |||| 00| 0 eng d
010 ## - LIBRARY OF CONGRESS CONTROL NUMBER
LC control number 62052801
020 ## - INTERNATIONAL STANDARD BOOK NUMBER
International Standard Book Number 0385095406
040 ## - CATALOGING SOURCE
Original cataloging agency MMU
Transcribing agency MMU
Modifying agency MMU
Language of cataloging eng
050 00 - LIBRARY OF CONGRESS CALL NUMBER
Classification number B801
Item number .R37 1990
245 04 - TITLE STATEMENT
Title The Rationalists /
260 ## - PUBLICATION, DISTRIBUTION, ETC. (IMPRINT)
Place of publication, distribution, etc. Garden City, N.Y.:
Name of publisher, distributor, etc. Doubleday,
Date of publication, distribution, etc. 1990.
300 ## - PHYSICAL DESCRIPTION
Extent 471 p.:
Dimensions 18 cm.
600 10 - SUBJECT ADDED ENTRY--PERSONAL NAME
Personal name Leibniz, Gottfried Wilhelm,
Titles and other words associated with a name Freiherr von,
Dates associated with a name 1646-1716.
650 #0 - SUBJECT ADDED ENTRY--TOPICAL TERM
Topical term or geographic name as entry element Rationalisim.
700 1# - ADDED ENTRY--PERSONAL NAME
Personal name Descartes, René,
Dates associated with a name 1596-1650.
700 1# - ADDED ENTRY--PERSONAL NAME
Personal name Spinoza, Benedictus de,
Dates associated with a name 1632-1677.
942 ## - ADDED ENTRY ELEMENTS (KOHA)
Source of classification or shelving scheme Library of Congress Classification
Koha item type L
Holdings
Withdrawn status Lost status Source of classification or shelving scheme Damaged status Not for loan Home library Current library Date acquired Source of acquisition Total Checkouts Full call number Barcode Date last seen Date last checked out Price effective from Koha item type
    Library of Congress Classification     Maasai Mara University Library -Main Campus Maasai Mara University Library -Main Campus 03/06/2017 Donation -T4C 6 B801 .R37 1990 17026572 10/23/2023 10/13/2023 03/06/2017 L
© 2016 Maasai Mara University.